Losowa geografia fizyczna na mapie świata - Statystyki

Ogólne statystyki
  • Ten quiz został rozwiązany 2 491 razy
  • Średni wynik to 16 z 50
Odpowiedzi na mapie
Odpowiedzi zakodowano w zielono-czerwonej skali na mapie do tego quizu, zgodnie z poniższymi procentami.
 
Statystyki odpowiedzi
% Poprawnych
Alpy
83%
Andy
80%
Nil
80%
Wyspy Japońskie
80%
Islandia
79%
Nowa Zelandia
77%
Dunaj
76%
Wisła
75%
Amazonka
74%
Ural
74%
Filipiny
73%
Irlandia
73%
Madagaskar
72%
Himalaje
71%
Karpaty
68%
Sri Lanka
68%
Bahamy
67%
Sycylia
67%
Malediwy
66%
Cypr
65%
Hawaje
65%
Korsyka
63%
Kreta
63%
Kuba
63%
Wielka Brytania
63%
Wołga
62%
Pireneje
61%
Sardynia
61%
Atlas
60%
Mississippi
60%
Tajwan
60%
Ren
59%
Wyspy Owcze
59%
Morze Kaspijskie
58%
Haiti
57%
Dniepr
56%
Kaukaz
56%
Kongo
56%
Bajkał
55%
Borneo
54%
Wyspy Brytyjskie
54%
Wyspy Kanaryjskie
54%
Jamajka
53%
Komory
53%
Seszele
53%
Tasmania
53%
Jangcy
52%
Apeniny
51%
Ganges
50%
Niger
50%
Azory
49%
Baleary
49%
Jawa
49%
Wyspy Zielonego Przylądka
48%
Galápagos
47%
Honsiu
47%
Sumatra
47%
Falklandy | Malwiny
46%
Hokkaido
46%
Jezioro Wiktorii
46%
Lena
46%
Nowa Gwinea
45%
Madera
44%
Tygrys
44%
Appalachy
43%
Eufrat
43%
Loara
43%
Mekong
43%
Ob
43%
Fidżi
42%
Missouri
42%
Niasa
42%
Góry Skaliste
39%
Góry Skandynawskie
39%
Wyspy Salomona
39%
Wyspa Północna
38%
Żółta Rzeka
38%
Ziemia Ognista
37%
Gotlandia
36%
Tanganika
36%
Indus
35%
Wyspa Południowa
35%
Nowa Ziemia
34%
Sulawesi | Celebes
34%
Timor
34%
Zambezi
34%
Bermudy
33%
Morze Martwe
33%
Nowa Fundlandia
33%
Sachalin
33%
Vanuatu
33%
Kolorado
32%
Loch Ness
32%
Rio Grande
32%
Ładoga
31%
Tag
31%
Wielkie Góry Wododziałowe
30%
Jezioro Górne
29%
Luzon
29%
Samoa
29%
Wielkie Antyle
29%
Alaska
28%
Amur
28%
Jezioro Genewskie
28%
Kiusiu
28%
Ontario
28%
Portoryko
28%
Balaton
27%
Małe Antyle
27%
Parana
27%
Erie
26%
Góry Smocze
26%
Huron
26%
Jezioro Aralskie
26%
Jukon
26%
Sokotra
26%
Wyspy Kurylskie
26%
Czad
25%
Jenisej
24%
Jezioro Michigan
24%
Nil Błękitny
24%
Senegal
24%
Wyspy Alandzkie
24%
Onega
23%
Orinoko
23%
Ziemia Baffina
23%
Nikaragua
22%
Rzeka Św. Wawrzyńca
22%
Titicaca
22%
Vancouver
22%
Brahmaputra
21%
Góry Dynarskie
21%
Lago di Garda
20%
Oranje
20%
Aleuty
19%
Hajnan
19%
Nowa Kaledonia
19%
Syr-daria
19%
Urugwaj
19%
Alpy Południowe
18%
Amu-daria
18%
Maracaibo
18%
Mariany
18%
Mindanao
18%
Sikoku
18%
Andamany
17%
Irtysz
17%
Wyżyna Abisyńska
17%
Jezioro Bodeńskie
16%
Lofoty
16%
Long Island
16%
Sierra Nevada
16%
Ałtaj
15%
Karakoram
15%
Ohio
15%
Paragwaj
15%
Serra do Mar
15%
Wielkie Jezioro Niedźwiedzie
15%
Wielkie Jezioro Niewolnicze
15%
Mackenzie
14%
Winnipeg
14%
Murray
13%
Bałchasz
12%
Hindukusz
12%
Rio Negro
12%
Arkansas
11%
Jezioro Ochrydzkie
11%
Tienszan
11%
Zagros
11%
Jezioro Tyberiadzkie
10%
Kolumbia
10%
Lakszadiwy
10%
Rzeka Perłowa
10%
Wielkie Jezioro Słone
10%
Cyklady
9%
Palawan
9%
Pamir
9%
Wyspa Wiktorii
9%
Góry Brooksa
8%
Pejpus
8%
Taurus
8%
Wan
8%
Wener
8%
Issyk-kul
7%
Madeira
7%
Archipelag Bismarcka
6%
Archipelag Sundajski
6%
Elburs
6%
Góry Kaskadowe
6%
Irawadi
6%
Jezioro Nasera
6%
Jezioro Rudolfa
6%
Kodiak
6%
Eyre
5%
Góry Pontyjskie
5%
Kunlun
5%
Nowa Brytania
5%
Okeechobee
5%
Ahaggar
4%
Biwa
4%
Kariba
4%
Kuku-nor
4%
Moluki
4%
Saimaa
4%
Sierra Madre
4%
Wolta
4%
Archipelag Aleksandra
3%
Archipelag Arktyczny
3%
Athabaska
3%
Cape Breton
3%
Halmahera
3%
Maskareny
3%
Pontchartrain
3%
Tibesti
3%
Tocantins
3%
Tonle Sap
3%
Anticosti
2%
Marajó
2%
Toba
2%
Seram
1%
Nie znaleziono quizów pasujących do podanych kryteriów
Rozkład punktacji
Procent ludzi z każdym wynikiem
Percentyl według liczby udzielonych odpowiedzi
Twoja historia wyników
Nie rozwiązałeś tego quizu